Metodología de la ciencia económica (Registro nro. 6053)

Detalles MARC
000 -LEADER
fixed length control field 01751 a2200217 4500
001 - CONTROL NUMBER
control field 56813
005 - DATE AND TIME OF LATEST TRANSACTION
control field 20260407155831.0
008 - FIXED-LENGTH DATA ELEMENTS--GENERAL INFORMATION
fixed length control field 260407a1958 arg spa d
003 - CONTROL NUMBER IDENTIFIER
control field AR-UNSa-BCEJYS
040 ## - CATALOGING SOURCE
Original cataloging agency AR-UNSa-BCEJYS
Language of cataloging spa
Transcribing agency AR-UNSa-BCEJYS
080 ## - UNIVERSAL DECIMAL CLASSIFICATION NUMBER
Universal Decimal Classification number 001.8
Common auxiliary subdivision Metodología. Estudio general del método. Procedimientos científicos y técnicos para el estudio, La investigación y la discusión
100 1# - MAIN ENTRY--PERSONAL NAME
Personal name Marchal, André
245 10 - TITLE STATEMENT
Title Metodología de la ciencia económica
Name of part/section of a work los problemas actuales del análisis económico, sus enfoques fundamentales
264 #1 - PRODUCTION, PUBLICATION, DISTRIBUTION, MANUFACTURE, AND COPYRIGHT NOTICE
Place of production, publication, distribution, manufacture México :
Name of producer, publisher, distributor, manufacturer El Ateneo
Date of production, publication, distribution, manufacture, or copyright notice 1958
300 ## - PHYSICAL DESCRIPTION
Extent 246 p.
Dimensions 22 cm.
505 ## - FORMATTED CONTENTS NOTE
Formatted contents note 1. El enfoque macroeconómico - Sección1.El análisis del comportamiento individual del hombre ´´social´´ - sección 2.Estudio de los resultados; investigación acerca de los principios de la actividad de los grupos, considerado como tales – sección 3.El problema del tránsito del análisis microeconómico al análisis macroeconómico – sección 4. El recurso del análisis macroeconómico implica acaso el abandono del análisis subjetivo(o cualitativo) y el triunfo del análisis objetivo – 2.El enfoque dinámico – sección 1.La convergencia histórica de las diversas concepciones sobre la dinámica; definición y característica del análisis dinámico moderno – sección 2.La dinámica a corto plazo o dinámica ´´en el sistema ´´ -sección 3. La dinámica a largo plazo o dinámica ´´de los sistemas´´- sección 4. Como se efectúa el paso del periodo corto al periodo largo y el periodo de la unidad de las dinámicas económicas.
590 ## - LOCAL NOTE (RLIN)
Local note niveau_biblio:m niveau_hierar:0
700 1# - ADDED ENTRY--PERSONAL NAME
Personal name Dimitriu, Constantino
700 1# - ADDED ENTRY--PERSONAL NAME
Personal name Mancini, Luis J.
942 ## - ADDED ENTRY ELEMENTS (KOHA)
Koha item type
Existencias
Withdrawn status Lost status Damaged status Not for loan Home library Current library Shelving location Date acquired Total checkouts Full call number Barcode Date last seen Price effective from Koha item type
        Biblioteca Prof. Eusebio Cleto del Rey Biblioteca Prof. Eusebio Cleto del Rey   07/04/2026   001.8 M315e L20558 07/04/2026 07/04/2026 Libro